Heat transfer (Record no. 3641)

000 -LEADER
fixed length control field 00564nam a2200229 a 4500
001 - CONTROL NUMBER
control field 3641
003 - CONTROL NUMBER IDENTIFIER
control field BD-DhUET
008 - FIXED-LENGTH DATA ELEMENTS--GENERAL INFORMATION
fixed length control field 960506s1997 nyua b 001 0 eng
020 ## - INTERNATIONAL STANDARD BOOK NUMBER
International Standard Book Number 0071143203
020 ## - INTERNATIONAL STANDARD BOOK NUMBER
International Standard Book Number 0078447852
040 ## - CATALOGING SOURCE
Original cataloging agency DLC
Transcribing agency DLC
Modifying agency BD-DhUET
082 00 - DEWEY DECIMAL CLASSIFICATION NUMBER
Classification number 621.011
Item number HOL/1997
100 1# - MAIN ENTRY--PERSONAL NAME
Personal name Holman, J. P.
245 10 - TITLE STATEMENT
Title Heat transfer
250 ## - EDITION STATEMENT
Edition statement 8th ed.
260 ## - PUBLICATION, DISTRIBUTION, ETC. (IMPRINT)
Place of publication, distribution, etc. New York
Name of publisher, distributor, etc. McGraw-Hill
Date of publication, distribution, etc. 1997
300 ## - PHYSICAL DESCRIPTION
Extent xviii, 696 p.
Other physical details ill.
490 ## - SERIES STATEMENT
Series statement Schaum's outline series
504 ## - BIBLIOGRAPHY, ETC. NOTE
Bibliography, etc Includes bibliographies
650 #0 - SUBJECT ADDED ENTRY--TOPICAL TERM
Topical term or geographic name as entry element Heat transfer
942 ## - ADDED ENTRY ELEMENTS (KOHA)
Koha item type General Book
Holdings
Date acquired Piece designation (barcode) Koha date last borrowed Price effective from Not for loan Koha item type Sublocation or collection (holding branch) Koha issues (times borrowed) Withdrawn status Location (home branch) Koha date last seen Copy number Damaged status Source of classification or shelving scheme Koha full call number Koha normalized classification for sorting Koha out on loan Shelving location Lost status
2014-11-03924502025-04-272014-11-03 General BookCentral Library, BUET3 Central Library, BUET2025-04-271  621.011/HOL/1997621_011000000000000_HOL_19972025-05-11Circulation section 
2014-11-0392452 2014-11-03 General BookCentral Library, BUET  Central Library, BUET2014-11-032  621.011/HOL/1997621_011000000000000_HOL_1997 Circulation section 
2014-11-0392453 2014-11-03 General BookCentral Library, BUET  Central Library, BUET2016-07-303  621.011/HOL/1997621_000000000000000_011HOL1997 Circulation section 
2014-11-03924542022-01-092014-11-03 General BookCentral Library, BUET1 Central Library, BUET2022-06-084  621.011/HOL/1997621_000000000000000_011HOL1997 Circulation section 
2014-11-03924552024-10-022014-11-03 General BookCentral Library, BUET2 Central Library, BUET2024-10-285  621.011/HOL/1997621_000000000000000_011HOL1997 Circulation section 
2014-11-03924572023-12-102014-11-03 General BookCentral Library, BUET3 Central Library, BUET2024-08-316  621.011/HOL/1997621_000000000000000_011HOL1997 Circulation section 
2014-11-0392459 2014-11-03 General BookCentral Library, BUET  Central Library, BUET2014-11-037  621.011/HOL/1997621_000000000000000_011HOL1997 Circulation section 
2014-11-03924602024-03-122014-11-03 General BookCentral Library, BUET1 Central Library, BUET2024-08-288  621.011/HOL/1997621_011000000000000_HOL_1997 Circulation section 
2014-11-03924612024-04-082014-11-03 General BookCentral Library, BUET1 Central Library, BUET2024-06-229  621.011/HOL/1997621_000000000000000_011HOL1997 Circulation section 
2014-11-03924622024-12-102014-11-03 General BookCentral Library, BUET5 Central Library, BUET2025-03-1210  621.011/HOL/1997621_000000000000000_011HOL1997 Circulation section 
2014-11-03924642015-03-042014-11-03 General BookCentral Library, BUET1 Central Library, BUET2017-05-0311  621.011/HOL/1997621_000000000000000_011HOL1997 Circulation section 
2014-11-03924652019-06-172014-11-03 General BookCentral Library, BUET3 Central Library, BUET2019-07-1012  621.011/HOL/1997621_000000000000000_011HOL1997 Circulation section 
2014-11-03924662022-05-242014-11-03 General BookCentral Library, BUET3 Central Library, BUET2022-06-0813  621.011/HOL/1997621_000000000000000_011HOL1997 Circulation section 
2015-04-1292468 2015-04-12 General BookCentral Library, BUET  Central Library, BUET2015-04-1214  621.011 HOL/1997621_011000000000000_HOL_1997 Circulation section 
2015-07-0292447 2015-07-02 Reading ItemCentral Library, BUET  Central Library, BUET2015-07-0215  621.011/HOL/1997621_011000000000000_HOL_1997 Reading section 
2015-07-0992446 2015-07-09 Reading ItemCentral Library, BUET  Central Library, BUET2015-07-0916  621.011/HOL/1997621_011000000000000_HOL_1997 Reading section